ديوان إبن عنين / (رقم التسجيلة. 56548)

تفاصيل مارك
000 -LEADER
fixed length control field 00601nam a22001937a 4500
005 - DATE AND TIME OF LATEST TRANSACTION
control field 20251108171110.0
008 - FIXED-LENGTH DATA ELEMENTS--GENERAL INFORMATION
fixed length control field 250721s9999 xx 000 0 ara d
082 14 - DEWEY DECIMAL CLASSIFICATION NUMBER
Classification number م/811.658/عني
100 1# - MAIN ENTRY--PERSONAL NAME
Personal name إبن عنين، شرف الدين أبي المحاسن محمد بن نصر
245 10 - TITLE STATEMENT
Title ديوان إبن عنين /
250 ## - EDITION STATEMENT
Edition statement ط2، مزيدة
264 1# - PRODUCTION, PUBLICATION, DISTRIBUTION, MANUFACTURE, AND COPYRIGHT NOTICE
Place of production, publication, distribution, manufacture بيروت :
Name of producer, publisher, distributor, manufacturer دار صادر،
Date of production, publication, distribution, manufacture, or copyright notice [19-].
300 ## - PHYSICAL DESCRIPTION
Extent 269ص
650 17 - SUBJECT ADDED ENTRY--TOPICAL TERM
Topical term or geographic name as entry element الشعر العربي
650 17 - SUBJECT ADDED ENTRY--TOPICAL TERM
Topical term or geographic name as entry element العصر الأيوبي
700 1# - ADDED ENTRY--PERSONAL NAME
Personal name مردم، خليل
Relator term تحقيق
942 ## - ADDED ENTRY ELEMENTS (KOHA)
Source of classification or shelving scheme Dewey Decimal Classification
Koha item type مراجع
المقتنيات
حالة السحب حالة الفقدان مصدر التصنيف حالة التلف غير قابل للإعارة المكتبة الرئيسية المكتبة الحالية موقع الرف تاريخ التزويد الرقم المتسلسل Total Checkouts رقم الإستدعاء الباركود تاريخ آخر ظهور تاريخ الفاتورة نوع المادة (كوها)
    Dewey Decimal Classification     مكتبة الأميرة ايمان العامة مكتبة الأميرة ايمان العامة الإعارة 09/11/2013 [9387]   م/811.658/عني PLD00285362 28/07/2025 09/11/2013 مراجع
    Dewey Decimal Classification     مكتبة حمزة العامة مكتبة حمزة العامة الإعارة 03/02/2016 [1721].....   م/811.658/عني PLD00371420 28/07/2025 03/02/2016 مراجع
    Dewey Decimal Classification   Not For Loan مكتبة صويلح العامة مكتبة صويلح العامة مراجع 25/11/2018 1696325   م/811.658/عني PLD00439175 28/07/2025 25/11/2018 مراجع
Implemented & Customized by: BBB with SCIT (Smart Chains for Information Technology)

Powered by Koha